000
00291cam a22001097a 4500
008
180718b1957 xxu||||| |||| 00| 0 eng d
082
_a
T1609 In8R
245
_a
Report of the international co-operative alliance
260
_a
Stockholm
_b
_c
1957
300
_a
xxi,344p.
650
_a
Co-Operative
999
_c
435101
_d
435101